000 00741cam a2200229 4500
001 WB3611-23
008 000000n2000 000 0 eng u
035 _a(Sirsi) u104861
245 _aStamp duty galvanises housing market
260 _c2000
490 _aRICS Press Release
_v(026) 16 March 2000 (2)
520 _aAccording to the latest RICS Housing Market Survey, pre-Budget fears of another increase in stamp duty have increased residential property sales.
590 _aWB
650 _aRICS SURVEYS
650 _aMARKET SURVEYS
650 _aSTAMP DUTY
650 _aBUDGET 2000
650 _aFORECASTS
650 _aHOUSING MARKET
690 _aPROPERTY-RESIDENTIAL PROPERTY-RESIDENTIAL PROPERTY MARKET
942 _n0
999 _c62907
_d62907